UITU Library & LRC     

Miller & Freund's Probability and Statistics for Engineers (Record no. 10005)

MARC details
000 -LEADER
fixed length control field 00515nam a2200181Ia 4500
008 - FIXED-LENGTH DATA ELEMENTS--GENERAL INFORMATION
fixed length control field 240925s9999 xx 000 0 und d
020 ## - INTERNATIONAL STANDARD BOOK NUMBER
International Standard Book Number 9788120342132
082 ## - DEWEY DECIMAL CLASSIFICATION NUMBER
Classification number 519.2 JOH
100 ## - MAIN ENTRY--PERSONAL NAME
Personal name Johnson ,Richard A.
245 #0 - TITLE STATEMENT
Title Miller & Freund's Probability and Statistics for Engineers
250 ## - EDITION STATEMENT
Edition statement 8th
260 ## - PUBLICATION, DISTRIBUTION, ETC.
Place of publication, distribution, etc. New Delhi:
Name of publisher, distributor, etc. Pearson Education
Date of publication, distribution, etc. ,2011.
300 ## - PHYSICAL DESCRIPTION
Extent xiv,778p.
Other physical details NA
Type of unit Photocopy
500 ## - GENERAL NOTE
General note Includes Index
600 ## - SUBJECT ADDED ENTRY--PERSONAL NAME
Personal name Humanities & Natural Science
650 ## - SUBJECT ADDED ENTRY--TOPICAL TERM
Topical term or geographic name entry element Mathematics
942 ## - ADDED ENTRY ELEMENTS (KOHA)
Koha item type Books
Holdings
Withdrawn status Lost status Damaged status Not for loan Collection Home library Current library Date acquired Source of acquisition Cost, normal purchase price Total checkouts Full call number Barcode Date last seen Price effective from Koha item type
        Humanities & Basic Sciences UITU Library UITU Library 06/13/2008 Capital Books 350.00   519.2 JOH Q7506 09/25/2024 09/25/2024 Books

Powered by Koha